00684nam a2200205 i 4500001000700000003000700007005001700014008004100031080002600072245008300098260003900181300002200220490002000242500001500262504003400277600004500311700003300356830002000389852006900409185094SpMaBN20230906222339.0160321s1944 sp |||| |bspa d a929 Napoleón (44) I00aEstela literaria de Napoleón / c[seleccionador] Pablo Beltrán de Heredia. aMadrid : bAtlas, c1944 (fDiana) a223 p. ; c19 cm.1 aCisneros ; v95 aÍndices. aBibliografía: p. [221]-223.07aNapoleón bI c, Emperador de Francia.1 aBeltrán de Heredia, Pablo.0 aCisneros ; v95 aES-MaACLjL-30275 z- enc. cart. z. - Donat. Carmen Zumárraga